Allies of Taliban - Statistics

General Stats
  • This quiz has been taken 539 times
    365 since last reset
  • The average score is 6 of 9
Answer Stats
Country % Correct
Iran
93%
Pakistan
88%
Russia
80%
China
76%
Saudi Arabia
64%
Qatar
55%
United Arab Emirates
52%
Turkmenistan
40%
United States
36%
No matching quizzes found
Score Distribution
Percent of People with Each Score
Percentile by Number Answered
Your Score History
You have not taken this quiz since the last reset